000 00435nam a2200181Ia 4500
001 24886
005 20260414151113.0
008 260414t2010||||xx |||||||||||||| ||spa||
041 _aESP
082 _a346
_bR36
100 _aReinach, Adolf,
_eAUT
245 0 _aLos fundamentos a priori del derecho civil
_b
260 _c2010
300 _a161 páginas :
_c24 cm.
650 _aDER
654 _aCDE
942 _cLIB
_dJUS
_fJUS
_2ddc
_n
999 _c24886
_d24886